| 000 | 00522cam a2200205ua 4500 | ||
|---|---|---|---|
| 001 | 8195 | ||
| 008 | 150110n ii |||gr||||Z||||||hin | ||
| 020 | _a8170280362 | ||
| 040 | _cMAIN | ||
| 041 | _ahin | ||
| 082 | _a891.434 | ||
| 100 |
_aNagar, S., _eEditor. |
||
| 245 | 1 |
_aAmritlal Nagar rachanawali : _bVol II / _cEdietd by Sharad Nagar. |
|
| 250 | _a1st. | ||
| 260 |
_aNew Delhi: _bRajpal, _c1992. |
||
| 300 | _a572p. | ||
| 653 | _aEast Indo-European & Celtic literatures | ||
| 653 | _aHindi essays | ||
| 942 | _cBK | ||
| 999 |
_c7310 _d7310 |
||